| 000 | 00889nam0a22002771 4500 | ||
|---|---|---|---|
| 001 | rc\4760054 | ||
| 005 | 20130417095540.9 | ||
| 021 |
_aRU _b[64-65414] |
||
| 035 | _a(NLR Aleph) 009016295 | ||
| 090 |
_a9399767 _c9399767 |
||
| 100 | _a20130417d1964 |||y0rusy50 ca | ||
| 101 | 0 | _arus | |
| 102 | _aRU | ||
| 105 | _aa z ||||| | ||
| 200 | 1 | _aОшибки навигационных определений | |
| 210 |
_aМосква _cТранспорт _d1964 |
||
| 215 |
_a136 с. _cчерт. _d21 |
||
| 320 | _aБиблиогр.: с. 134 (11 назв.) | ||
| 606 |
_aСудовождение морское _xОшибки _2psbo |
||
| 700 | 1 |
_aЛесков _bМ. М. _gМихаил Михайлович |
|
| 701 | 1 |
_aГаврюк _bМ. И. _gМихаил Иванович |
|
| 801 | 0 |
_aRU _bNLR _gpsbo |
|
| 801 | 1 |
_aRU _bELAR _2rusmarc |
|
| 852 |
_aNLR _j64-5/4226 |
||
| 942 | _cBOOK | ||
| 980 | _aNB | ||